<?xml version="1.0" encoding="UTF-8"?>
<record
    xmlns:xsi="http://www.w3.org/2001/XMLSchema-instance"
    xsi:schemaLocation="http://www.loc.gov/MARC21/slim http://www.loc.gov/standards/marcxml/schema/MARC21slim.xsd"
    xmlns="http://www.loc.gov/MARC21/slim">

  <leader>00965nam a22001817a 4500</leader>
  <datafield tag="999" ind1=" " ind2=" ">
    <subfield code="c">62649</subfield>
    <subfield code="d">62649</subfield>
  </datafield>
  <controlfield tag="003">Ge_BSU</controlfield>
  <controlfield tag="005">20241230164841.0</controlfield>
  <controlfield tag="008">241230s1978    ge ||||| |||| 00| 0 geo d</controlfield>
  <datafield tag="041" ind1=" " ind2=" ">
    <subfield code="a">geo</subfield>
  </datafield>
  <datafield tag="080" ind1=" " ind2=" ">
    <subfield code="a">616-003.96-053.2 &#x10D0;-26</subfield>
  </datafield>
  <datafield tag="245" ind1=" " ind2=" ">
    <subfield code="a">&#x10D0;&#x10D3;&#x10D0;&#x10DE;&#x10E2;&#x10D0;&#x10EA;&#x10D8;&#x10D8;&#x10E1; &#x10DE;&#x10E0;&#x10DD;&#x10EA;&#x10D4;&#x10E1;&#x10D4;&#x10D1;&#x10D8;&#x10E1; &#x10D9;&#x10DA;&#x10D8;&#x10DC;&#x10D8;&#x10D9;&#x10E3;&#x10E0;&#x10D8; &#x10D0;&#x10E1;&#x10DE;&#x10D4;&#x10E5;&#x10E2;&#x10D4;&#x10D1;&#x10D8; &#x10D0;&#x10EE;&#x10D0;&#x10DA;&#x10E8;&#x10DD;&#x10D1;&#x10D8;&#x10DA;&#x10D4;&#x10D1;&#x10E8;&#x10D8; /</subfield>
    <subfield code="c">&#x10D4;. &#x10DC;&#x10DD;&#x10D5;&#x10D8;&#x10D9;&#x10DD;&#x10D5;&#x10D0;&#x10E1;&#x10D0; &#x10D3;&#x10D0; &#x10D2;. &#x10DE;&#x10DD;&#x10DA;&#x10D8;&#x10D0;&#x10D9;&#x10DD;&#x10D5;&#x10D0;&#x10E1; &#x10E0;&#x10D4;&#x10D3;. ; [&#x10D7;&#x10D0;&#x10E0;&#x10D2;&#x10DB;&#x10DC;&#x10D0; &#x10D8;. &#x10EE;&#x10E3;&#x10DC;&#x10D3;&#x10D0;&#x10EB;&#x10D4;&#x10DB; &#x10D3;&#x10D0; &#x10DC;. &#x10E9;&#x10D8;&#x10D2;&#x10DD;&#x10D2;&#x10D8;&#x10EB;&#x10D4;&#x10DB;].</subfield>
  </datafield>
  <datafield tag="264" ind1=" " ind2=" ">
    <subfield code="a">&#x10D7;&#x10D1;. : </subfield>
    <subfield code="b">&#x10E1;&#x10D0;&#x10D1;&#x10ED;. &#x10E1;&#x10D0;&#x10E5;&#x10D0;&#x10E0;&#x10D7;&#x10D5;&#x10D4;&#x10DA;&#x10DD;, </subfield>
    <subfield code="c">1978.</subfield>
  </datafield>
  <datafield tag="300" ind1=" " ind2=" ">
    <subfield code="a">232 &#x10D2;&#x10D5;. : </subfield>
    <subfield code="b">&#x10D8;&#x10DA;. ; </subfield>
    <subfield code="c">21 &#x10E1;&#x10DB;.</subfield>
  </datafield>
  <datafield tag="653" ind1=" " ind2=" ">
    <subfield code="a">&#x10D0;&#x10D3;&#x10D0;&#x10DE;&#x10E2;&#x10D0;&#x10EA;&#x10D8;&#x10D0; &#x10D0;&#x10EE;&#x10D0;&#x10DA;&#x10E8;&#x10DD;&#x10D1;&#x10D8;&#x10DA;&#x10D4;&#x10D1;&#x10E8;&#x10D8;</subfield>
  </datafield>
  <datafield tag="653" ind1=" " ind2=" ">
    <subfield code="a">&#x10DB;&#x10D4;&#x10D3;&#x10D8;&#x10EA;&#x10D8;&#x10DC;&#x10D0;</subfield>
  </datafield>
  <datafield tag="700" ind1=" " ind2=" ">
    <subfield code="a">&#x10DE;&#x10DD;&#x10DA;&#x10D8;&#x10D0;&#x10D9;&#x10DD;&#x10D5;&#x10D0;, &#x10D2;.</subfield>
    <subfield code="e">&#x10E0;&#x10D4;&#x10D3;&#x10D0;&#x10E5;&#x10E2;&#x10DD;&#x10E0;&#x10D8;</subfield>
    <subfield code="9">24043</subfield>
  </datafield>
  <datafield tag="942" ind1=" " ind2=" ">
    <subfield code="2">udc</subfield>
    <subfield code="c">&#x1CAC;&#x1C98;&#x1C92;&#x1C9C;&#x1C98;</subfield>
  </datafield>
  <datafield tag="952" ind1=" " ind2=" ">
    <subfield code="0">0</subfield>
    <subfield code="1">0</subfield>
    <subfield code="2">udc</subfield>
    <subfield code="4">0</subfield>
    <subfield code="6">616003960532_&#x10D0;26</subfield>
    <subfield code="7">0</subfield>
    <subfield code="9">101575</subfield>
    <subfield code="a">CPL</subfield>
    <subfield code="b">CPL</subfield>
    <subfield code="c">GEN</subfield>
    <subfield code="d">2024-12-30</subfield>
    <subfield code="g">4.20</subfield>
    <subfield code="o">616-003.96-053.2 &#x10D0;-26</subfield>
    <subfield code="p">70129</subfield>
    <subfield code="r">2024-12-30</subfield>
    <subfield code="t">70129</subfield>
    <subfield code="w">2024-12-30</subfield>
    <subfield code="y">&#x1CAC;&#x1C98;&#x1C92;&#x1C9C;&#x1C98;</subfield>
    <subfield code="z">4 &#x10DA;. 20 &#x10D7;.</subfield>
  </datafield>
</record>
